|
|
|
|
| LEADER |
00955nab a2200193 i 4500 |
| 001 |
acta41207 |
| 005 |
20260224081030.0 |
| 008 |
170731s2004 hu o 000 hun d |
| 022 |
|
|
|a 0237-7934
|
| 040 |
|
|
|a SZTE Egyetemi Kiadványok Repozitórium
|b hun
|
| 041 |
|
|
|a hun
|
| 100 |
1 |
|
|a Gombos József
|
| 245 |
1 |
0 |
|a Finn "végvár" az Európára nyitott orosz "ablak" alatt
|h [elektronikus dokumentum] :
|b gondolatok a finn identitás formálódásáról két tanulmánykötet kapcsán : Saint-Petersburg ; Russian, European and beyond : ed. by Pertti Joenniemi /
|c Gombos József
|
| 260 |
|
|
|c 2004
|
| 300 |
|
|
|a 337-343
|
| 490 |
0 |
|
|a Aetas
|v 19 No. 3
|
| 695 |
|
|
|a Oroszország története - 19-20. sz. - könyvismertetés, Skandinávia története - 19-20. sz. - könyvismertetés, Finnország története - 19-20. sz. - könyvismertetés
|
| 700 |
0 |
1 |
|a Joenniemi Pertti
|
| 856 |
4 |
0 |
|u http://acta.bibl.u-szeged.hu/41207/1/aetas_2004_003_004_337-343.pdf
|z Dokumentum-elérés
|